00349nam a2200097 a 4500008004100000050001500041245013300056260001800189300001500207650002900222140826s2013 ||||||||||||||||| || u aZDSCSC(05)04aThe Kamwala eagle: Zambia commended in peace support operations cby Zambia deffence services command and staff college (ZDSCSC) aLusaka:c2013 a39p.: ill. aDEFENCE SERVICES--ZAMBIA